000 00469nam a2200157 4500
001 132135
003 ES-MaACL
005 20230906194118.0
007 t|
008 070214q1908 sp r ||||1| spa d
100 1 _aRojas, Ricardo.
_999058
245 1 3 _aEl alma espaƱola
_b: (ensayo sobre la moderna literatura castellana) /
_cRicardo Rojas.
260 _aValencia :
_bF. Sempere y Cia.,
_c[1908?]
300 _aVIII, 234 p. ;
_c18 cm.
852 _aES-MaACL
_jG-7741
999 _c132135
_d132135